00521nam a22001817a 4500010001300000020001100013035001300024037001800037040001200055082001600067245006200083260003600145270003900181300002700220650003700247650003500284700002000319 aA-710378 c100.00 aA-710378 bCen Lib / Ret aDPLbEn a260.31bNAN aStudies in Guru Nanak /cAjit Singh [and] Rajinder Singh  aDelhibNational Book Shopc1984 aPleasure Garden MKTbDelhie110006 av 1. 188p ; c27cm(Hb) aNānak, -- Guru, -- 1469-1538.  aNānak, -- Guru, -- 1469-1538 aRajinder Singh